000 nam a22 7a 4500
999 _c44257
_d44257
003 OSt
005 20180811092128.0
008 180811b xxu||||| |||| 00| 0 eng d
040 _cSEROSOFT
100 _aBODHANKAR S L
245 _aPATHOPHYSIOLOGY
260 _aNEW DELHI
_bNIRALI
_c2018
300 _a9.16
942 _2ddc
_c02